| 000 | 00525nmm a2200169Ia 4500 | ||
|---|---|---|---|
| 008 | 251105s9999||||xx |||||||||||||||||und|| | ||
| 020 | _a9788483930649 | ||
| 041 | _aspa | ||
| 100 | _aFernández Panadero, Javier | ||
| 245 | 0 | _a¿Cómo le explico esto a un extraterrestre? | |
| 264 |
_a[Madrid, España] : _bEditorial Páginas de Espuma, _c2010 |
||
| 300 | _a224 páginas | ||
| 490 | _aVoces. Ensayo | ||
| 650 | _aTeen & Young Adult Non Fiction | ||
| 856 | _uhttps://public.digitaliapublishing.com/a/44114 | ||
| 942 | _cCF | ||
| 999 |
_c86351 _d86351 |
||